| 000 | 01047cac a22003015a 4500 | ||
|---|---|---|---|
| 003 | EG-ScBUE | ||
| 005 | 20220417113933.0 | ||
| 008 | 180828s1985 enka f b 001 0 eng d | ||
| 020 | _a9780710204172 | ||
| 020 | _a0710204175 (pbk.) : | ||
| 040 |
_aEG-ScBUE _beng _erda _cEG-ScBUE _dEG-ScBUE |
||
| 082 | 0 | 4 |
_a404.20941 _bOTH _222 |
| 245 | 0 | 4 |
_aThe other languages of England : _blinguistic minorities project. |
| 264 | 1 |
_aLondon : _bRoutledge and Kegan Paul, _c1985. |
|
| 300 |
_axvii, 429 pages : _billustrations ; _c22 cm. |
||
| 336 |
_2rdacontent _atext _btxt |
||
| 337 |
_2rdamedia _aunmediated _bn |
||
| 338 |
_2rdacarrier _avolume _bnc |
||
| 490 | 0 | _aLanguage, education and society | |
| 504 | _aIncludes bibliographical references and index. | ||
| 650 | 7 |
_aLinguistic minorities _zEngland. _2BUEsh |
|
| 650 | 7 |
_aEducation, Bilingual _zEngland. _2BUEsh |
|
| 651 | _2BUEsh | ||
| 653 |
_bHHUUEENN _cApril2022 |
||
| 655 |
_vReading book _934232 |
||
| 710 | 2 | _aLinguistic Minorities Project (Great Britain) | |
| 942 |
_cBB _k404.20941 OTH _2ddc |
||
| 999 |
_c7280 _d7280 |
||